América Latina y el derecho del mar
Đã lưu trong:
| Tác giả chính: | |
|---|---|
| Tác giả của công ty: | |
| Định dạng: | Sách |
| Ngôn ngữ: | Tiếng Tây Ban Nha |
| Được phát hành: |
Santiago
Universitaria
1976
|
| Loạt: | Estudios Internacionales
|
| Những chủ đề: | |
| Các nhãn: |
Thêm thẻ
Không có thẻ, Là người đầu tiên thẻ bản ghi này!
|
MARC
| LEADER | 00000nam a2200000 a 4500 | ||
|---|---|---|---|
| 001 | UCT9146 | ||
| 003 | CL-VaPUC | ||
| 008 | 970404e19760000CL |||||||||||||||||spa|d | ||
| 082 | 0 | 4 | |a 341.756 |b GAR |2 21 |
| 100 | |a García Amador, F. V |e author |9 381554 | ||
| 110 | 2 | |a Instituto de Estudios Internacionales. Universidad de Chile |e author |9 381555 | |
| 245 | 1 | 0 | |a América Latina y el derecho del mar |
| 300 | |a 197 p | ||
| 942 | |c BK | ||
| 945 | |d 19970404 00:00:00 |a cmena | ||
| 260 | |a Santiago |b Universitaria |c 1976 | ||
| 650 | 0 | |a Derecho marítimo |9 255301 | |
| 650 | 7 | |a JURISDICCION INTERNACIONAL |2 CL-VaPUC |9 381556 | |
| 650 | 0 | |a Relaciones Internacionales |9 255740 | |
| 651 | 0 | |a América Latina |9 255027 | |
| 583 | |a last modification |c 19970404 00:00:00 |k Rodrigo Vera | ||
| 490 | 0 | |a Estudios Internacionales | |
| 999 | |c 257566 |d 257564 | ||
| 952 | |0 0 |1 0 |4 0 |6 341_756000000000000_GAR_1976 |7 0 |8 A |9 281103 |a BIBDER |b BIBDER |d 2019-11-19 |i 1823418 |o 341.756 GAR 1976 |p 1823418 |r 2023-01-25 |w 2019-11-19 |y BK |k DER | ||